Food and poverty : The political economy of confrontation

This book deals with contemporary tensions between the West and the Third World, caused by hunger, malnutrition and poverty, perpetuated by an imbalance in the distribution of world resources. The book deals with the issue of malnutrition in the Third World, which owes much more to poverty and unemp...

ver descrição completa

Na minha lista:
Detalhes bibliográficos
Autor principal: Sinha, Radha
Formato: Livro
Idioma:Undetermined
Publicado em: London Croom Helm 1976
Assuntos:
Tags: Adicionar Tag
Sem tags, seja o primeiro a adicionar uma tag!
Thư viện lưu trữ: Trung tâm Học liệu Trường Đại học Cần Thơ
LEADER 01120nam a2200205Ia 4500
001 CTU_228586
008 210402s9999 xx 000 0 und d
082 |a 338.19 
082 |b S617 
100 |a Sinha, Radha 
245 0 |a Food and poverty : 
245 4 |b The political economy of confrontation 
245 0 |c Radha Sinha 
260 |a London 
260 |b Croom Helm 
260 |c 1976 
520 |a This book deals with contemporary tensions between the West and the Third World, caused by hunger, malnutrition and poverty, perpetuated by an imbalance in the distribution of world resources. The book deals with the issue of malnutrition in the Third World, which owes much more to poverty and unemployment than to agricultural failure. The author also believes that population control can do little in the absence of a more equitable distribution of world resources and political power within and between countries involving a fundamental change in ideology and education. 
650 |a Cung cấp thực phẩm,Food supply 
910 |b dqhieu 
980 |a Trung tâm Học liệu Trường Đại học Cần Thơ